000 00874nam a2200265 a 4500
001 64099
003 BD-RjUL
005 20211209081254.0
008 170208s1959 ii b 100 0 eng d
035 _a(BD-RjUL)64229
040 _aBD-RjUL
_cBD-RjUL
_dBD-RjUL
_beng
041 _aeng
082 0 0 _a954.14
_223
_bBOM 1959
100 1 _aBose, Nirmal Kumar
_9190377
111 2 _aSeminar on Modern Bengal: a Socio-Economic Survey
_d(1971 :
_cInstitute of Historical Studies)
_9190378
245 1 0 _aModern Bengal /
_cNirmal Kumar Bose
260 _aCalcutta :
_bVidyodaya Library,
_c1959.
300 _a98 p. ;
_c23 cm.
504 _aIncludes bibliographical references.
651 0 _aIndia
_xBengal
_9178286
651 0 _aBengal (India)
_x Civilization.
_9190379
651 0 _aBengal (India)
_xEconomic conditions.
_9176387
942 _2ddc
_cBK
999 _c64099
_d64099